| 000 | 00749nam a22001697a 4500 | ||
|---|---|---|---|
| 999 |
_c63611 _d63611 |
||
| 003 | Ge_BSU | ||
| 005 | 20251114201523.0 | ||
| 008 | 251114s1972 ge ||||| |||| 00| 0 geo d | ||
| 041 | _ageo | ||
| 080 | _a94(47+57) ნ-19 | ||
| 100 |
_aნათმელაძე, მაყვალა _95483 |
||
| 245 |
_aსსრ კავშირის შექმნა / _cმაყვალა ნათმელაძე; რედ. ი. კაჭარავა. |
||
| 490 | _aთავისუფალ ერთა მძლე კავშირი ძმური | ||
| 653 | _aსსრ კავშირის შექმნა. | ||
| 700 |
_a კაჭარავა, ი. _eრედაქტორი _926236 |
||
| 942 |
_2udc _cᲬᲘᲒᲜᲘ |
||